| 000 | 00898nam a2200253Ia 4500 | ||
|---|---|---|---|
| 003 | GCL | ||
| 008 | 140319s9999 xx 000 0 ara d | ||
| 020 | _a8475274977 | ||
| 040 |
_aGCL / _cGCL |
||
| 082 | 0 | 4 |
_a956.904 _bا خ |
| 100 | 1 | _aاحمد صدقى الدجانى | |
| 245 | 1 | 0 |
_aالخطر يتهدد بيت المقدس / _cاحمد صدقى الدجانى |
| 250 | _aالثانية | ||
| 260 |
_aالقاهرة : _bمركز الاعلام العربى ، _c2001 |
||
| 300 |
_a208 ص ؛ _c24 سم |
||
| 490 |
_aكتاب القدس _v1 |
||
| 650 | 0 | 4 | _aالنزاع العربى الاسرائيلى |
| 650 | 0 | 4 | _aالمقاومة الفلسطينية |
| 650 | 0 | 4 | _aاتفاقيات كامب ديفيد |
| 650 | 0 | 4 | _aالانتفاضة الفلسطينية |
| 650 | 0 | 4 | _aاتفاقية اوسلو |
| 650 | 0 | 4 | _aالقدس - تاريخ - العصر الحديث |
| 942 |
_2ddc _cBK |
||
| 999 |
_c8880 _d8880 |
||